| 000 | 01015nam a2200361 4500 | ||
|---|---|---|---|
| 001 | 01505619 | ||
| 003 | DO-SdBNP | ||
| 005 | 20231212085542.0 | ||
| 007 | 01505619 | ||
| 008 | 000412s2015 sp || ||spa | ||
| 017 |
_a _b |
||
| 020 | _a9788415089216 | ||
| 035 | _a | ||
| 040 |
_aBPMSU _bspa _cBPMSU _e |
||
| 080 | _a | ||
| 082 | 4 |
_a822.33 _bS527h 2015 _222 |
|
| 100 | 1 |
_aShakespeare, William _d1564-1616 |
|
| 245 | 1 | 0 |
_aHamlet : _bRomeo y Julieta / _cWilliam Shakespeare ; traducción Benjamin Briggent |
| 250 | _a3a. ed. | ||
| 260 |
_aBarcelona : _bPlutón Ediciones X, _c2015 |
||
| 300 |
_a252 p. ; _c19 cm |
||
| 490 | 0 |
_aTerna _v |
|
| 590 | _aInventariado, 2023/VM | ||
| 650 | 4 | _aTeatro inglés | |
| 650 | 4 | _aDrama inglés | |
| 650 | 4 | _aLiteratura inglesa | |
| 700 | 1 |
_aCardona Castro, Francisco Luis _d1940- |
|
| 740 | 0 | 1 | _aRomeo y Julieta. |
| 830 | 0 |
_a Cultura (Barcelona) _v5 |
|
| 942 |
_2ddc _cBK |
||
| 945 | _aInventariado, 2018/MFF | ||
| 956 |
_aVMATEO _210 _320151208 _6BPMSU _800151 |
||
| 999 |
_c9045 _d9045 |
||